• 首页
  • 本馆介绍
  • 公告通知
  • 最新文献
  • 馆藏检索
  • 电子资源
  • 读者导购
  • 参考咨询
  • 我的图书馆
  • 登录
  • 详细信息显示
  • 放入我的书架
  • 预约/预借图书
  • 作者相关作品
  • 分类相关作品
  • 丛书相关作品
  • 出版社相关作品

书目信息

  • 表格格式
  • 工作单格式
  • 卡片格式
题名:
历年考研政治真题解析及复习思路
    
 
作者: 赵亮宏 , 张剑锋 , 张剑锋 主编
分册:  
出版信息: 北京   世界图书出版公司北京公司  2009.03
页数: 392页
开本: 26cm
丛书名:
单 册:
中图分类: D0
科图分类:
主题词: 政治理论--研究生--入学考试--自学参考资料
电子资源:
ISBN: 978-7-5062-7814-0
000 01132nam0 22002771 450
001 012009063101
005 20100712205628.0
010    @a978-7-5062-7814-0@dCNY 35.80
100    @a20090620d2009 em y0chiy0110 ea
101 0  @achi
102    @aCN@b110000
105    @ay zq 000yy
200 1  @a历年考研政治真题解析及复习思路@9li nian kao yan zheng zhi zhen ti jie xi ji fu xi si lu@e珍藏版@f张剑锋主编@Fzhang jian feng zhu bian
210    @a北京@c世界图书出版公司北京公司@d2009.03
215    @a392页@d26cm@e1配套资料
300    @a高教版 全国考研政治真题第一书 考研命题权威书系 考研政治系列
307    @a附:历年考研政治真题标准答案与试题精解(2003-2009)
330    @a本书按照《政治理论考试大纲》规定的考查知识点对历年的真题进行甄选,对试题的分析直指考核知识点,在选择题部分不仅分析了考核知识点选项的内容,同时对干扰项也进行了分析。
606 0  @a政治理论@x研究生@x入学考试@j自学参考资料
690    @aD0@v5
701  0 @a赵亮宏@9zhao liang hong@4主编
701  0 @a张剑锋@9zhang jian feng@4主编
701  0 @a张剑锋@Azhang jian feng@4主编
801  0 @aCN@b91MARC@c20101222
905    @aBZT@dD0@e42
906    @dCNY32.80@n0@r1
    
    历年考研政治真题解析及复习思路:珍藏版/张剑锋主编.-北京:世界图书出版公司北京公司,2009.03
    392页;26cm+1配套资料
    高教版 全国考研政治真题第一书 考研命题权威书系 考研政治系列
    
    ISBN 978-7-5062-7814-0:CNY 35.80
    本书按照《政治理论考试大纲》规定的考查知识点对历年的真题进行甄选,对试题的分析直指考核知识点,在选择题部分不仅分析了考核知识点选项的内容,同时对干扰项也进行了分析。
●
相关链接 在五车中查询图书 在当当中查询图书 在豆瓣中查询图书


正题名:历年考研政治真题解析及复习思路     索取号:D0/42         预约/预借

序号 登录号 条形码 馆藏地/架位号 状态 备注
1 756995   2000756995   样本书库/样001架A面2层1列/ [索取号:D0/42] 在馆    
2 756996   2000756996   中心书库中库/ 中库044架A面3列5层10/ [索取号:D0/42] 在馆    
3 756997   2000756997   中心书库中库/ 中库044架A面3列5层9/ [索取号:D0/42] 在馆    
4 756998   2000756998   中心书库中库/ 中库044架A面3列5层8/ [索取号:D0/42] 在馆    
5 756999   2000756999   中心书库中库/ 中库044架A面3列5层11/ [索取号:D0/42] 在馆    
6 757000   2000757000   中心书库中库/ 中库044架A面3列5层7/ [索取号:D0/42] 在馆    
山东省滨州职业学院图书馆 欢迎您!
大连网信软件有限公司© 版权所有